[Event "Sunningdale e2e4 op"]
[Site "Ascot"]
[Date "2013.05.26"]
[Round "5"]
[White "Kisteneva, Elizaveta"]
[Black "Kalaiyalahan, Akshaya"]
[Result "1-0"]
[WhiteElo "2053"]
[BlackElo "1872"]
[PlyCount "73"]
[EventDate "2013.05.24"]
[EventType "swiss"]
[EventRounds "7"]
[EventCountry "ENG"]
[SourceTitle "CBM 154 Extra"]
[Source "ChessBase"]
[SourceDate "2013.06.25"]
[SourceVersion "2"]
[SourceVersionDate "2013.06.25"]
[SourceQuality "1"]

1. e4 c5 2. Nf3 e6 3. d4 cxd4 4. Nxd4 a6 5. Bd3 d6 6. c4 Nf6 7. 0-0 Qc7 8. Nc3 Be7 9. Be3 0-0 10. Rc1 Nc6 11. Nd5 Qd8 12. Nxc6 bxc6 13. Nxe7+ Qxe7 14. c5 d5 15. e5 Nd7 16. Bd4 f5 17. b4 Bb7 18. a4 Rfc8 19. Qe2 g6 20. Rc3 Kf7 21. Rfc1 Nb8 22. Kh1 Qh4 23. Qe3 Kg7 24. g3 f4 25. gxf4 Rf8 26. f5 gxf5 27. Rg1+ Kh8 28. f4 Nd7 29. Rcc1 Rf7 30. Rg5 Rg8 31. Rcg1 Rxg5 32. Rxg5 h6 33. Rg3 Qd8 34. Qf3 h5 35. Qxh5+ Rh7 36. Qg6 a5 37. Bxf5 1-0

[Event "Sunningdale e2e4 op"]
[Site "Ascot"]
[Date "2013.05.24"]
[Round "1"]
[White "Kisteneva, Elizaveta"]
[Black "Williams, Simon Kim"]
[Result "0-1"]
[WhiteElo "2053"]
[BlackElo "2511"]
[PlyCount "48"]
[EventDate "2013.05.24"]
[EventType "swiss"]
[EventRounds "7"]
[EventCountry "ENG"]
[SourceTitle "CBM 154 Extra"]
[Source "ChessBase"]
[SourceDate "2013.06.25"]
[SourceVersion "2"]
[SourceVersionDate "2013.06.25"]
[SourceQuality "1"]

1. d4 e6 2. Nf3 f5 3. c4 Nf6 4. Nc3 Be7 5. g3 0-0 6. Bg2 d6 7. 0-0 Ne4 8. Qd3 Nxc3 9. Qxc3 a5 10. b3 Nc6 11. Bb2 Bf6 12. Rad1 Qe7 13. Rfe1 e5 14. dxe5 dxe5 15. e4 fxe4 16. Nd2 Bg4 17. Ra1 Nd4 18. Kf1 e3 19. Rxe3 Bg5 20. Ree1 Qf7 21. Bd5 Bxd2 22. Qd3 Be6 23. Qxd2 Bh3+ 24. Kg1 Qxd5 0-1

[Event "Basingstoke e2e4 op"]
[Site "Basingstoke"]
[Date "2012.10.30"]
[Round "7"]
[White "Maciol, Ryszard"]
[Black "Kisteneva, Elizaveta"]
[Result "1/2-1/2"]
[WhiteElo "2198"]
[BlackElo "2057"]
[PlyCount "203"]
[EventDate "2012.10.27"]
[EventType "swiss"]
[EventRounds "9"]
[EventCountry "ENG"]
[SourceTitle "EXT 2013"]
[Source "ChessBase"]
[SourceDate "2012.11.22"]
[SourceVersion "1"]
[SourceVersionDate "2012.11.22"]
[SourceQuality "1"]

1. d4 d5 2. c4 c6 3. Nc3 Nf6 4. cxd5 cxd5 5. Bf4 Nc6 6. e3 a6 7. Bd3 Bg4 8. Nge2 e6 9. f3 Bh5 10. 0-0 Bd6 11. Rc1 0-0 12. Bg5 Be7 13. Na4 Nd7 14. Bf4 Rc8 15. e4 dxe4 16. Bxe4 Nf6 17. Bxc6 Rxc6 18. Rxc6 bxc6 19. Qc2 Nd5 20. Bd2 Bg6 21. Qc4 Bg5 22. f4 Bf6 23. Qxa6 Ne7 24. Bc3 Nf5 25. Qxc6 Bxd4+ 26. Nxd4 Nxd4 27. Qc4 Nc2 28. Rc1 Qd6 29. Nc5 Rc8 30. b4 Ne3 31. Qd4 Qxd4 32. Bxd4 Nd5 33. b5 Nxf4 34. Kf2 Nd5 35. a4 f6 36. a5 Rb8 37. b6 Nxb6 38. axb6 Rxb6 39. Nd7 Rb7 40. Rc8+ Kf7 41. Nc5 Ra7 42. Rb8 Ra2+ 43. Ke3 Bf5 44. Rb7+ Kg6 45. Rb2 Ra3+ 46. Rb3 Ra2 47. Kf3 e5 48. Bb2 h5 49. Rb6 Ra5 50. Nb7 Rd5 51. Nd6 Bd3 52. Ke3 Bf1 53. Kf2 Bd3 54. Nc8 Ra5 55. Ne7+ Kf7 56. Rb7 Ra2 57. Nf5+ Kg6 58. Ne7+ Kf7 59. Nd5+ Kg6 60. Ke3 Bf1 61. Ne7+ Kf7 62. Nf5+ Kg6 63. Nh4+ Kh6 64. Rb6 Kg5 65. g3 Kh6 66. Kf3 Kh7 67. Nf5 Kg6 68. Ne3 Bd3 69. h3 Kf7 70. Rb7+ Kg6 71. Nd5 Bf1 72. Ne7+ Kf7 73. Nf5+ Kg6 74. g4 Kh7 75. Kg3 hxg4 76. hxg4 Kh8 77. Rb8+ Kh7 78. Rb7 Kh8 79. g5 Ba6 80. Rb8+ Kh7 81. Ne7 Bd3 82. gxf6 gxf6 83. Nd5 Kg6 84. Rb6 Kg7 85. Bc1 Ra6 86. Rb7+ Kg8 87. Bh6 f5 88. Bg5 Be4 89. Ne7+ Kf7 90. Rc7 Ke6 91. Ng8 f4+ 92. Kg4 Bf5+ 93. Kh5 Bd3 94. Re7+ Kf5 95. Rf7+ Ke4 96. Nf6+ Kf3 97. Re7 Ra5 98. Nd7 Kg3 99. Nxe5 Be2+ 100. Kg6 f3 101. Nxf3 Bxf3 102. Be3 1/2-1/2

[Event "Basingstoke e2e4 op"]
[Site "Basingstoke"]
[Date "2012.10.29"]
[Round "4"]
[White "Pleasants, Allan J"]
[Black "Kisteneva, Elizaveta"]
[Result "1-0"]
[WhiteElo "2103"]
[BlackElo "2057"]
[PlyCount "59"]
[EventDate "2012.10.27"]
[EventType "swiss"]
[EventRounds "9"]
[EventCountry "ENG"]
[SourceTitle "EXT 2013"]
[Source "ChessBase"]
[SourceDate "2012.11.22"]
[SourceVersion "1"]
[SourceVersionDate "2012.11.22"]
[SourceQuality "1"]

1. e4 c5 2. d4 cxd4 3. c3 dxc3 4. Nxc3 Nc6 5. Nf3 a6 6. Bc4 e6 7. 0-0 Nge7 8. Bg5 h6 9. Be3 b5 10. Be2 Ng6 11. Nd4 Bb7 12. Rc1 Be7 13. f4 0-0 14. Bd3 e5 15. Nde2 exf4 16. Nxf4 Nxf4 17. Bxf4 Nb4 18. Bb1 d5 19. a3 d4 20. Nxb5 axb5 21. axb4 Bd6 22. e5 Bxb4 23. Qd3 g6 24. Bxh6 Qd5 25. Qg3 Ra6 26. Bxf8 Bxf8 27. Rc7 Bg7 28. Qf2 f5 29. exf6 Rxf6 30. Rxg7+ 1-0

[Event "EU-ch U14 Girls"]
[Site "Prague"]
[Date "2012.08.23"]
[Round "7"]
[White "Kisteneva, Elizaveta"]
[Black "Paramzina, Anastasya"]
[Result "0-1"]
[WhiteElo "2040"]
[BlackElo "2021"]
[PlyCount "84"]
[EventDate "2012.08.17"]
[EventType "swiss"]
[EventRounds "9"]
[EventCountry "CZE"]
[SourceTitle "CBM 150 Extra"]
[Source "ChessBase"]
[SourceDate "2012.10.19"]
[SourceVersion "1"]
[SourceVersionDate "2012.10.19"]
[SourceQuality "1"]

1. d4 d5 2. c4 e6 3. Nc3 Be7 4. Bf4 Nf6 5. e3 0-0 6. Nf3 c5 7. dxc5 Bxc5 8. cxd5 Nxd5 9. Nxd5 exd5 10. a3 Nc6 11. Bd3 Bb6 12. 0-0 Qf6 13. b4 d4 14. Ng5 Bf5 15. e4 Bg6 16. Qg4 h6 17. Nf3 Bh5 18. Qxh5 Qxf4 19. g3 Qc7 20. Rac1 Qe7 21. b5 Na5 22. e5 Qxa3 23. Rcd1 Nb3 24. e6 fxe6 25. Ne5 Nc5 26. Bg6 Rad8 27. Bf7+ Kh7 28. Ng4 Qf3 29. Qg6+ Kh8 30. Ne5 Qf6 31. Rfe1 Rd5 32. Qh5 Rxe5 33. Rxe5 Rxf7 34. Re2 d3 35. Ra2 e5 36. Kg2 e4 37. Qg4 g6 38. Rdd2 e3 39. Qc8+ Rf8 40. Qxf8+ Qxf8 41. fxe3 Qd6 42. Ra3 Qd5+ 0-1

[Event "EU-ch U14 Girls"]
[Site "Prague"]
[Date "2012.08.19"]
[Round "3"]
[White "Kisteneva, Elizaveta"]
[Black "Vidic, Teja"]
[Result "1-0"]
[WhiteElo "2040"]
[BlackElo "1888"]
[PlyCount "49"]
[EventDate "2012.08.17"]
[EventType "swiss"]
[EventRounds "9"]
[EventCountry "CZE"]
[SourceTitle "CBM 150 Extra"]
[Source "ChessBase"]
[SourceDate "2012.10.19"]
[SourceVersion "1"]
[SourceVersionDate "2012.10.19"]
[SourceQuality "1"]

1. d4 d5 2. c4 c6 3. Nf3 e6 4. e3 Nf6 5. Nc3 Nbd7 6. Qc2 Bd6 7. b3 0-0 8. Bd3 dxc4 9. bxc4 c5 10. 0-0 a6 11. Rd1 Qc7 12. d5 Ne5 13. Nxe5 Bxe5 14. f4 Bxc3 15. Qxc3 exd5 16. cxd5 Nxd5 17. Bxh7+ Kxh7 18. Rxd5 b6 19. Bb2 f6 20. Rh5+ Kg8 21. Qd3 f5 22. e4 Be6 23. exf5 Qxf4 24. fxe6 Qf2+ 25. Kh1 1-0

[Event "Moscow op (Women)"]
[Site "Moscow"]
[Date "2012.02.05"]
[Round "9"]
[White "Abdumalik, Zhansaya"]
[Black "Kisteneva, Elizaveta"]
[Result "1/2-1/2"]
[WhiteElo "2119"]
[BlackElo "1989"]
[PlyCount "66"]
[EventDate "2012.01.28"]
[EventType "swiss"]
[EventRounds "9"]
[EventCountry "RUS"]
[SourceTitle "CBM 146 Extra"]
[Source "ChessBase"]
[SourceDate "2012.02.29"]
[SourceVersion "1"]
[SourceVersionDate "2012.02.29"]
[SourceQuality "1"]

1. e4 c5 2. Nf3 d6 3. d4 cxd4 4. Nxd4 Nf6 5. f3 Nc6 6. c4 Qb6 7. Nc2 e6 8. b3 d5 9. cxd5 exd5 10. exd5 Qa5+ 11. Qd2 Qxd2+ 12. Bxd2 Nxd5 13. Nc3 Be6 14. Bb5 Nxc3 15. Bxc6+ bxc6 16. Bxc3 Bd6 17. Rd1 Be7 18. 0-0 0-0 19. Kh1 c5 20. Rfe1 Rac8 21. Ne3 Rfd8 22. Kg1 Rxd1 23. Rxd1 Rd8 24. Rxd8+ Bxd8 25. Kf2 f6 26. Ke2 Kf7 27. Kd3 g6 28. Nc4 Be7 29. h3 Bf5+ 30. Ke3 Bb1 31. a3 Bc2 32. b4 cxb4 33. Bxb4 Ke6 1/2-1/2

[Event "Moscow op (Women)"]
[Site "Moscow"]
[Date "2012.02.01"]
[Round "5"]
[White "Bivol, Alina"]
[Black "Kisteneva, Elizaveta"]
[Result "1-0"]
[WhiteElo "2148"]
[BlackElo "1989"]
[PlyCount "120"]
[EventDate "2012.01.28"]
[EventType "swiss"]
[EventRounds "9"]
[EventCountry "RUS"]
[SourceTitle "CBM 146 Extra"]
[Source "ChessBase"]
[SourceDate "2012.02.29"]
[SourceVersion "1"]
[SourceVersionDate "2012.02.29"]
[SourceQuality "1"]

1. d4 d5 2. Bg5 Nd7 3. e3 Ngf6 4. c4 c6 5. Nf3 e6 6. Bd3 Be7 7. 0-0 0-0 8. Nc3 Re8 9. Qc2 Nf8 10. Rad1 Ng6 11. Rfe1 dxc4 12. Bxc4 h6 13. Bxf6 Bxf6 14. e4 Qc7 15. Bb3 Bd7 16. d5 Ne5 17. d6 Qa5 18. Nd2 b5 19. f4 Qb6+ 20. Kh1 Ng4 21. Re2 Ne3 22. Rxe3 Qxe3 23. e5 Bd8 24. Qe4 Bb6 25. a4 a6 26. a5 Ba7 27. Bc2 Qxe4 28. Bxe4 f5 29. exf6 gxf6 30. Bc2 Kf7 31. Nce4 c5 32. Ng3 Bc6 33. Be4 Bxe4 34. Ngxe4 Red8 35. Nf3 Rac8 36. g4 Kg7 37. g5 f5 38. gxh6+ Kxh6 39. Neg5 Bb8 40. d7 Bxf4 41. dxc8Q Rxc8 42. Nxe6 Be3 43. Rd6 Kh5 44. Rxa6 Rg8 45. Rc6 f4 46. a6 c4 47. Rc7 Ra8 48. Nc5 b4 49. a7 c3 50. bxc3 bxc3 51. Ne4 Rxa7 52. Rxa7 Bxa7 53. Nxc3 Bb6 54. Nd5 Bd8 55. Kg2 Kh6 56. h3 Kh7 57. Nxf4 Kg8 58. Kg3 Bf6 59. Kg4 Kh7 60. Ng5+ Kg8 1-0

[Event "Moscow op (Women)"]
[Site "Moscow"]
[Date "2012.01.30"]
[Round "3"]
[White "Kharmunova, Nadezhda"]
[Black "Kisteneva, Elizaveta"]
[Result "0-1"]
[WhiteElo "2215"]
[BlackElo "1989"]
[PlyCount "106"]
[EventDate "2012.01.28"]
[EventType "swiss"]
[EventRounds "9"]
[EventCountry "RUS"]
[SourceTitle "CBM 146 Extra"]
[Source "ChessBase"]
[SourceDate "2012.02.29"]
[SourceVersion "1"]
[SourceVersionDate "2012.02.29"]
[SourceQuality "1"]

1. e4 c5 2. Nf3 d6 3. d4 cxd4 4. Nxd4 Nf6 5. Nc3 a6 6. h3 e5 7. Nde2 Nbd7 8. g4 h6 9. Bg2 b5 10. a3 Bb7 11. Ng3 Nb6 12. 0-0 Qc7 13. Re1 Rd8 14. f4 Be7 15. g5 hxg5 16. fxg5 Ng8 17. Nd5 Nxd5 18. exd5 Bc8 19. Kh2 Qd7 20. Qf3 f5 21. Bd2 f4 22. Ne4 Qf5 23. a4 bxa4 24. Rxa4 Kf8 25. Ba5 Rd7 26. Bb4 Qg6 27. c4 Rd8 28. Ba5 Rd7 29. Rb4 Bd8 30. Rb8 Ne7 31. Bxd8 Rxd8 32. c5 Nf5 33. cxd6 Kf7 34. Qc3 Nd4 35. Qc7+ Rd7 36. Rxc8 Rxc7 37. Rxc7+ Kg8 38. Rc8+ Kh7 39. Rxh8+ Kxh8 40. d7 Qb6 41. Rc1 Kh7 42. g6+ Kh6 43. Ng5 Kxg5 44. Rc8 Nf3+ 45. Bxf3 Qf2+ 46. Bg2 Qg3+ 47. Kg1 Qe3+ 48. Kf1 Qd3+ 49. Ke1 Qe3+ 50. Kd1 Qg1+ 51. Kc2 Qxg2+ 52. Kc3 Qxh3+ 53. Kb4 Qxd7 0-1

[Event "EU-ch U14 Girls"]
[Site "Albena"]
[Date "2011.09.19"]
[Round "8"]
[White "Kisteneva, Elizaveta"]
[Black "Blagojevic, Tijana"]
[Result "0-1"]
[WhiteElo "1980"]
[BlackElo "1906"]
[PlyCount "146"]
[EventDate "2011.09.11"]
[EventType "swiss"]
[EventRounds "9"]
[EventCountry "BUL"]
[SourceTitle "CBM 144 Extra"]
[Source "ChessBase"]
[SourceDate "2011.10.28"]
[SourceVersion "1"]
[SourceVersionDate "2011.10.28"]
[SourceQuality "1"]

1. e4 e5 2. Nf3 Nc6 3. Bb5 Nf6 4. 0-0 Nxe4 5. d4 Nd6 6. dxe5 Nxb5 7. a4 Nbd4 8. Nxd4 Nxd4 9. Qxd4 d5 10. Qd3 c6 11. a5 Be7 12. Qg3 g6 13. Bh6 Bf5 14. Qc3 a6 15. b4 d4 16. Qb2 Qd5 17. Na3 g5 18. Bg7 Rg8 19. Bf6 Bxf6 20. exf6 0-0-0 21. Rad1 Rg6 22. Qc1 Qd6 23. c3 Rh6 24. f4 d3 25. Nc4 Qc7 26. Ne5 g4 27. Qe3 Rxf6 28. Nxd3 Re6 29. Ne5 Red6 30. Rxd6 Rxd6 31. Qc5 Be6 32. f5 Rd5 33. fxe6 Rxc5 34. exf7 Rxe5 35. f8Q+ Qd8 36. Qg7 Re7 37. Qxg4+ Kb8 38. Qf4+ Ka7 39. Qf2+ Ka8 40. Qf8 Re8 41. Qg7 h5 42. Qh6 h4 43. Qf6 Qd3 44. Qxh4 Qxc3 45. h3 c5 46. Rf3 Qc1+ 47. Kh2 c4 48. Qd4 Rc8 49. Qd7 Rb8 50. b5 Qa1 51. bxa6 Qe5+ 52. Kg1 Qc5+ 53. Kh1 bxa6 54. Qf5 Qc6 55. Rc3 Rb7 56. Qf8+ Ka7 57. Qf2+ Ka8 58. Qc2 Qe6 59. Rf3 Qe1+ 60. Kh2 Qe5+ 61. Kg1 Qc5+ 62. Qf2 Rb1+ 63. Kh2 Qc7+ 64. Qg3 Qc5 65. Qg8+ Rb8 66. Qe6 Qc7+ 67. Rg3 Rb3 68. Qxa6+ Kb8 69. Qg6 Qxg3+ 70. Qxg3+ Rxg3 71. Kxg3 c3 72. Kh4 c2 73. g4 c1Q 0-1

[Event "EU-ch U14 Girls"]
[Site "Albena"]
[Date "2011.09.15"]
[Round "5"]
[White "Pastuszko, Kinga"]
[Black "Kisteneva, Elizaveta"]
[Result "0-1"]
[WhiteElo "1898"]
[BlackElo "1980"]
[PlyCount "82"]
[EventDate "2011.09.11"]
[EventType "swiss"]
[EventRounds "9"]
[EventCountry "BUL"]
[SourceTitle "CBM 144 Extra"]
[Source "ChessBase"]
[SourceDate "2011.10.28"]
[SourceVersion "1"]
[SourceVersionDate "2011.10.28"]
[SourceQuality "1"]

1. e4 c5 2. Nf3 d6 3. d4 cxd4 4. Nxd4 Nf6 5. Nc3 a6 6. f4 e5 7. Nf3 Nbd7 8. a4 Be7 9. Bd3 0-0 10. 0-0 b6 11. Kh1 Bb7 12. Qe1 Re8 13. f5 d5 14. exd5 Nxd5 15. Nxd5 Bxd5 16. Be4 Bxe4 17. Qxe4 Qc7 18. c3 Rad8 19. Qe2 Qb7 20. Ng5 Bxg5 21. Bxg5 f6 22. Bh4 Nc5 23. Rad1 Kh8 24. Qh5 Nxa4 25. Rd3 Rf8 26. Rfd1 Rxd3 27. Rxd3 Nxb2 28. Rd6 Qc7 29. Re6 Qxc3 30. h3 Qc7 31. Be1 Qc1 32. Qe2 Na4 33. Rd6 Qc7 34. Re6 Nc5 35. Bb4 Nxe6 36. fxe6 Qc1+ 37. Be1 Re8 38. Qe4 Qc8 39. Kh2 Qxe6 40. Qb7 a5 41. Bf2 e4 0-1

[Event "EU-ch U14 Girls"]
[Site "Albena"]
[Date "2011.09.11"]
[Round "1"]
[White "Murawko, Katarzyna"]
[Black "Kisteneva, Elizaveta"]
[Result "0-1"]
[WhiteElo "1771"]
[BlackElo "1980"]
[PlyCount "56"]
[EventDate "2011.09.11"]
[EventType "swiss"]
[EventRounds "9"]
[EventCountry "BUL"]
[SourceTitle "CBM 144 Extra"]
[Source "ChessBase"]
[SourceDate "2011.10.28"]
[SourceVersion "1"]
[SourceVersionDate "2011.10.28"]
[SourceQuality "1"]

1. e4 c5 2. Nf3 d6 3. d4 cxd4 4. Nxd4 Nf6 5. Nc3 a6 6. f3 e5 7. Nb3 Be6 8. Be3 Nbd7 9. Qd2 b5 10. 0-0-0 Be7 11. g4 h6 12. Rg1 Nb6 13. Qf2 Nfd7 14. Na5 Qc7 15. Bxb5 axb5 16. Nxb5 Qb8 17. Nc6 Qb7 18. Nxe7 Kxe7 19. Nxd6 Qc6 20. a3 Nc4 21. Nxc4 Qxc4 22. g5 h5 23. Qd2 Rhc8 24. g6 f6 25. f4 Qc6 26. Rg2 Bg4 27. Qb4+ Ke8 28. Rd6 Qc4 0-1

[Event "Moscow op-F (Women)"]
[Site "Moscow"]
[Date "2011.02.04"]
[Round "7"]
[White "Khropova, Larisa"]
[Black "Kisteneva, Elizaveta"]
[Result "1-0"]
[WhiteElo "2087"]
[BlackElo "1911"]
[PlyCount "97"]
[EventDate "2011.01.29"]
[EventType "swiss"]
[EventRounds "9"]
[EventCountry "RUS"]
[SourceTitle "CBM 140 Extra"]
[Source "ChessBase"]
[SourceDate "2011.03.01"]
[SourceVersion "1"]
[SourceVersionDate "2011.03.01"]
[SourceQuality "1"]

1. d4 d5 2. Nf3 Nf6 3. c4 e6 4. Nc3 Be7 5. Bf4 0-0 6. e3 c5 7. cxd5 Nxd5 8. Nxd5 exd5 9. Qd2 Nc6 10. a3 Bg4 11. Be2 cxd4 12. exd4 Bf6 13. Be3 Qb6 14. Rd1 Rfe8 15. 0-0 Re4 16. h3 Bh5 17. g4 Bg6 18. Bd3 Re6 19. Bxg6 hxg6 20. g5 Be7 21. Ne5 Nxe5 22. dxe5 d4 23. Bxd4 Bc5 24. Rfe1 Rae8 25. f4 Rd8 26. Bxc5 Qxc5+ 27. Qf2 Rxd1 28. Qxc5 Rxe1+ 29. Kf2 Rb1 30. Qc2 Rh1 31. Kg2 Re1 32. Kf2 Rh1 33. Qc8+ Kh7 34. Qxb7 Rxh3 35. Kg2 Rd3 36. Qxf7 Rb6 37. b4 Rxa3 38. f5 gxf5 39. e6 Re3 40. Qxf5+ g6 41. Qf7+ Kh8 42. Qf8+ Kh7 43. Qh6+ Kg8 44. Qxg6+ Kh8 45. Qe8+ Kh7 46. Qf7+ Kh8 47. g6 Re2+ 48. Kf3 Rb7 49. Qf8# 1-0

[Event "Moscow op-F (Women)"]
[Site "Moscow"]
[Date "2011.02.03"]
[Round "6"]
[White "Markelova, Lubov"]
[Black "Kisteneva, Elizaveta"]
[Result "1/2-1/2"]
[WhiteElo "2076"]
[BlackElo "1911"]
[PlyCount "171"]
[EventDate "2011.01.29"]
[EventType "swiss"]
[EventRounds "9"]
[EventCountry "RUS"]
[SourceTitle "CBM 140 Extra"]
[Source "ChessBase"]
[SourceDate "2011.03.01"]
[SourceVersion "1"]
[SourceVersionDate "2011.03.01"]
[SourceQuality "1"]

1. Nf3 d5 2. d4 Nf6 3. c4 e6 4. Nc3 Be7 5. Bg5 0-0 6. e3 Nbd7 7. cxd5 exd5 8. Bd3 c6 9. 0-0 Re8 10. Qc2 Nf8 11. h3 Ng6 12. Rab1 Bd6 13. b4 a6 14. a4 h6 15. Bh4 Nxh4 16. Nxh4 Qe7 17. b5 axb5 18. axb5 Ne4 19. Nf3 Bd7 20. Na4 Rxa4 21. Qxa4 Nc3 22. Qa7 Nxb1 23. Rxb1 Be6 24. bxc6 bxc6 25. Qa6 c5 26. Rb7 Qf8 27. Rb6 Ra8 28. Qb5 c4 29. Bb1 Rb8 30. Rxb8 Qxb8 31. Qxb8+ Bxb8 32. Kf1 Kf8 33. Ke2 Ke7 34. Kd2 Kd7 35. Ne5+ Kc7 36. f4 f6 37. Nf3 Kb6 38. Nh4 g5 39. fxg5 hxg5 40. Nf5 Kb5 41. Ng7 Bf7 42. Bf5 Bd6 43. g4 Ka4 44. Kc2 Ka3 45. Ne6 Be8 46. Kc3 Bb4+ 47. Kc2 Ka2 48. Nc5 Ka3 49. Bd7 Bg6+ 50. Bf5 Bf7 51. Be6 Bxe6 52. Nxe6 Bd6 53. Nc5 Kb4 54. Nd7 Kb5 55. Nxf6 Kc6 56. Nh5 Bf8 57. Ng3 Kd6 58. Nf5+ Ke6 59. Kc3 Bd6 60. Kd2 Bb4+ 61. Kc2 Ba5 62. Kb2 Bb4 63. Ng3 Bd2 64. Nf1 Bb4 65. Kc2 Be1 66. Kd1 Bf2 67. Ke2 Bh4 68. Nh2 Bg3 69. Nf3 Kf6 70. Nd2 Bc7 71. e4 Ke6 72. e5 Bb6 73. Nf3 Bd8 74. Kd2 Be7 75. Kc3 Kf7 76. Ng1 Ke6 77. Ne2 Kf7 78. Ng3 Ke6 79. Nf5 Kf7 80. Ne3 Ke6 81. Kc2 Bb4 82. Nf5 Be7 83. Ng7+ Kf7 84. Nh5 Ke6 85. Ng3 Bb4 86. Nf5 1/2-1/2

[Event "Moscow op-F (Women)"]
[Site "Moscow"]
[Date "2011.02.02"]
[Round "5"]
[White "Kisteneva, Elizaveta"]
[Black "Korchagina, Victoria"]
[Result "1/2-1/2"]
[WhiteElo "1911"]
[BlackElo "2086"]
[PlyCount "100"]
[EventDate "2011.01.29"]
[EventType "swiss"]
[EventRounds "9"]
[EventCountry "RUS"]
[SourceTitle "CBM 140 Extra"]
[Source "ChessBase"]
[SourceDate "2011.03.01"]
[SourceVersion "1"]
[SourceVersionDate "2011.03.01"]
[SourceQuality "1"]

1. e4 c5 2. Nf3 d6 3. d4 cxd4 4. Nxd4 Nf6 5. Nc3 a6 6. f4 e5 7. Nf3 Nbd7 8. Bd3 Be7 9. h3 b5 10. Be3 Bb7 11. a3 0-0 12. 0-0 Rc8 13. Qe2 Re8 14. Rad1 exf4 15. Bxf4 d5 16. e5 Bd6 17. Rfe1 d4 18. Ne4 Bxe5 19. Nxe5 Nxe5 20. Bxe5 Rxe5 21. Nxf6+ gxf6 22. Qf2 Rg5 23. Be4 Bxe4 24. Rxe4 Rg6 25. Rexd4 Qc7 26. R1d2 Re8 27. Rd6 Re6 28. Rd7 Qe5 29. c3 f5 30. R7d5 Qe4 31. Qxf5 Qe3+ 32. Rf2 Ref6 33. Qc8+ Kg7 34. Rdf5 Qxh3 35. Qc5 Rxf5 36. Qxf5 Qxf5 37. Rxf5 Rd6 38. g3 Kg6 39. Rf4 Rd3 40. Kg2 f5 41. Rf3 Rd5 42. Rf4 Kg5 43. Kf1 Rd1+ 44. Kg2 h5 45. Rd4 Re1 46. Kf2 Rb1 47. Rd2 h4 48. gxh4+ Kxh4 49. Kf3 Rf1+ 50. Kg2 Rb1 1/2-1/2

[Event "Moscow op-F (Women)"]
[Site "Moscow"]
[Date "2011.01.31"]
[Round "3"]
[White "Baraeva, Irina"]
[Black "Kisteneva, Elizaveta"]
[Result "1-0"]
[WhiteElo "2201"]
[BlackElo "1911"]
[PlyCount "79"]
[EventDate "2011.01.29"]
[EventType "swiss"]
[EventRounds "9"]
[EventCountry "RUS"]
[SourceTitle "CBM 140 Extra"]
[Source "ChessBase"]
[SourceDate "2011.03.01"]
[SourceVersion "1"]
[SourceVersionDate "2011.03.01"]
[SourceQuality "1"]

1. d4 d5 2. Nf3 Nf6 3. c4 e6 4. cxd5 exd5 5. Nc3 Be7 6. Bg5 Nbd7 7. e3 0-0 8. Bd3 c6 9. 0-0 Re8 10. Qc2 Nf8 11. h3 Bd6 12. Ne2 Ng6 13. Rab1 h6 14. Bf4 Nxf4 15. exf4 Be6 16. Ne5 Rc8 17. b4 Qe7 18. Qb2 Nh5 19. Qc2 Nf6 20. Qa4 Rc7 21. Ng3 a6 22. Rfe1 Qd8 23. Qd1 Qa8 24. Qd2 Kf8 25. Rbc1 Qa7 26. Bf1 Qb6 27. Rb1 Ng8 28. a4 Ne7 29. a5 Qa7 30. Qe3 Rd8 31. Bd3 Ng8 32. Nh5 Be7 33. f5 Bc8 34. Qg3 Bf6 35. Nxf6 Nxf6 36. Ng6+ fxg6 37. Qxc7 Re8 38. Rxe8+ Nxe8 39. Qxc8 Qxd4 40. Re1 1-0

[Event "Moscow-ch U18"]
[Site "Moscow"]
[Date "2010.11.29"]
[Round "5"]
[White "Stankevich, Konstantin"]
[Black "Kisteneva, Elizaveta"]
[Result "0-1"]
[WhiteElo "1905"]
[BlackElo "1953"]
[PlyCount "92"]
[EventDate "2010.11.21"]
[EventType "swiss"]
[EventRounds "9"]
[EventCountry "RUS"]
[SourceTitle "EXT 2012"]
[Source "ChessBase"]
[SourceDate "2011.11.24"]
[SourceVersion "1"]
[SourceVersionDate "2011.11.24"]
[SourceQuality "1"]

1. e4 c5 2. Nc3 Nc6 3. g3 g6 4. Bg2 Bg7 5. d3 e6 6. f4 d6 7. Nf3 Nge7 8. 0-0 0-0 9. Be3 Nd4 10. Rb1 Nec6 11. Ne2 Qa5 12. Nc1 Qb6 13. c3 Nxf3+ 14. Bxf3 Bxc3 15. Ne2 Bg7 16. b4 Nd4 17. bxc5 Qxc5 18. Bg2 Nxe2+ 19. Qxe2 Bd4 20. Kf2 Bxe3+ 21. Qxe3 Qxe3+ 22. Kxe3 Rb8 23. e5 d5 24. Rfc1 Bd7 25. d4 a6 26. Rb6 Bb5 27. Bf1 Bxf1 28. Rxf1 Rfc8 29. Rfb1 Rc2 30. R1b2 Rbc8 31. Rxc2 Rxc2 32. Rxb7 Rxh2 33. a4 Ra2 34. Ra7 Rxa4 35. Ra8+ Kg7 36. Ra7 Ra3+ 37. Kf2 Rd3 38. Rxa6 Rxd4 39. Ra7 h5 40. Rd7 h4 41. Kg2 hxg3 42. Kxg3 Re4 43. Kg4 Re1 44. Kf3 g5 45. Kg4 gxf4 46. Kxf4 Re4+ 0-1

[Event "Moscow-ch U18"]
[Site "Moscow"]
[Date "2010.11.25"]
[Round "3"]
[White "Bukhteeva, Viktoria"]
[Black "Kisteneva, Elizaveta"]
[Result "1-0"]
[WhiteElo "2108"]
[BlackElo "1953"]
[PlyCount "93"]
[EventDate "2010.11.21"]
[EventType "swiss"]
[EventRounds "9"]
[EventCountry "RUS"]
[SourceTitle "EXT 2012"]
[Source "ChessBase"]
[SourceDate "2011.11.24"]
[SourceVersion "1"]
[SourceVersionDate "2011.11.24"]
[SourceQuality "1"]

1. e4 c5 2. Nf3 e6 3. d4 cxd4 4. Nxd4 Nf6 5. Nc3 d6 6. g4 h6 7. h3 Nc6 8. Bg2 a6 9. Nxc6 bxc6 10. e5 Nd5 11. exd6 Bxd6 12. Ne4 Be5 13. c4 Nf4 14. Bxf4 Bxf4 15. Qf3 Be5 16. Nd6+ Qxd6 17. Qxc6+ Qxc6 18. Bxc6+ Bd7 19. Bxa8 Bxb2 20. Rb1 Bc3+ 21. Ke2 Ke7 22. Bf3 Rc8 23. Rb7 Ke8 24. Rd1 Ba4 25. Rd6 a5 26. Ra6 Rd8 27. Kf1 Rd7 28. Rxd7 Bxd7 29. Ra8+ Ke7 30. c5 Bb5+ 31. Kg1 Bb4 32. c6 Kd6 33. Rd8+ Kc7 34. Rd7+ Kc8 35. Rxf7 Bc3 36. Be4 Bc4 37. a4 Bd4 38. Rd7 Be5 39. Ra7 Bc3 40. Bg6 Bb3 41. Bd3 Be5 42. Ba6+ Kd8 43. Rd7+ Ke8 44. c7 Bxc7 45. Rxc7 Bxa4 46. Rxg7 Bd7 47. Rh7 1-0

[Event "Wch U12 Girls"]
[Site "Porto Carras"]
[Date "2010.10.24"]
[Round "6"]
[White "Kisteneva, Elizaveta"]
[Black "Derakhshani, Dorsa"]
[Result "0-1"]
[WhiteElo "1953"]
[BlackElo "1799"]
[PlyCount "86"]
[EventDate "2010.10.20"]
[EventType "swiss"]
[EventRounds "11"]
[EventCountry "GRE"]
[SourceTitle "EXT 2011"]
[Source "ChessBase"]
[SourceDate "2010.11.26"]
[SourceVersion "1"]
[SourceVersionDate "2010.11.26"]
[SourceQuality "1"]

1. d4 d5 2. Nf3 Nf6 3. c4 e6 4. Nc3 Be7 5. e3 0-0 6. b3 b6 7. Bb2 Bb7 8. Bd3 Nbd7 9. 0-0 Ne4 10. Nd2 f5 11. Qc2 Qe8 12. f3 Nxd2 13. Qxd2 Qh5 14. Nb5 Rab8 15. Rac1 c6 16. Ba3 Bxa3 17. Nxa3 Rf6 18. e4 f4 19. cxd5 exd5 20. Rfe1 Rh6 21. Qxf4 Rf8 22. Qg3 Rg6 23. Qf2 Rxf3 24. Qc2 Qg5 25. Bf1 Qf4 26. g3 Qf8 27. Nb1 c5 28. Bh3 Qd8 29. exd5 Qh4 30. Be6+ Kh8 31. g4 Nf8 32. Bf5 Rg5 33. Rf1 Rxf1+ 34. Rxf1 g6 35. Bc8 Bxc8 36. Rxf8+ Kg7 37. Rf2 Qxg4+ 38. Rg2 Qxd4+ 39. Kh1 Qxd5 40. Nc3 Kh6 41. Qd2 Bb7 42. h4 Qxg2+ 43. Qxg2 Rxg2 0-1